Accounting Information Systems / (Record no. 33299)
[ view plain ]
| 000 -LEADER | |
|---|---|
| fixed length control field | 00642nam a22001937a 4500 |
| 003 - CONTROL NUMBER IDENTIFIER | |
| control field | JO-AjAnu |
| 005 - DATE AND TIME OF LATEST TRANSACTION | |
| control field | 20231212095553.0 |
| 008 - FIXED-LENGTH DATA ELEMENTS--GENERAL INFORMATION | |
| fixed length control field | 231212b jo ||||| |||| 00| 0 ara d |
| 040 ## - CATALOGING SOURCE | |
| Language of cataloging | eng |
| Transcribing agency | JO-AjAnu |
| Modifying agency | ANU |
| 100 ## - MAIN ENTRY--PERSONAL NAME | |
| Personal name | Denna، Eric L |
| 9 (RLIN) | 65012 |
| Relator term | Author |
| 245 ## - TITLE STATEMENT | |
| Title | Accounting Information Systems / |
| Statement of responsibility, etc. | Eric L. Denna, Dennis L. Kimmell |
| 250 ## - EDITION STATEMENT | |
| Edition statement | Fihth Edition |
| 260 ## - PUBLICATION, DISTRIBUTION, ETC. | |
| Place of publication, distribution, etc. | USA : |
| Name of publisher, distributor, etc. | Addison-Wesley Publishing Company، |
| Date of publication, distribution, etc. | 1990 |
| 300 ## - PHYSICAL DESCRIPTION | |
| Extent | 100 pages |
| 500 ## - GENERAL NOTE | |
| General note | Instructor’s Manual / Test Bank / Transparencies : Cushing / Romney |
| 650 ## - SUBJECT ADDED ENTRY--TOPICAL TERM | |
| Form subdivision | Accounting |
| 700 ## - ADDED ENTRY--PERSONAL NAME | |
| Personal name | Dennis L. Kimmell |
| 9 (RLIN) | 65015 |
| Relator term | Joint Author |
| 942 ## - ADDED ENTRY ELEMENTS (KOHA) | |
| Source of classification or shelving scheme | Library of Congress Classification |
| Koha item type | Books |
| Suppress in OPAC | No |
| Withdrawn status | Lost status | Source of classification or shelving scheme | Damaged status | Not for loan | Home library | Current library | Date acquired | Total Checkouts | Full call number | Barcode | Date last seen | Price effective from | Koha item type |
|---|---|---|---|---|---|---|---|---|---|---|---|---|---|
| Library of Congress Classification | مكتبة جامعة عجلون الوطنية | مكتبة جامعة عجلون الوطنية | 12/12/2023 | HF5679.1990 | E3594 | 12/12/2023 | 12/12/2023 | Books |